00572nam a2200205Ia 4500008004100000020001500041050001800056050001400074245003500088245003800123260001700161260001900178260000900197300002000206300002000226300001100246650004100257650003800298700003000336160319s9999 xx 000 0 und d a9712710300 aFil 899.2104  bSe84 2000 aSeven in the eye of history /  cedited by Asuncion David-Maramba. aPasig City : bAnvil Pub. Inc c2000 axi, 439 pages : billustrations : c22 cm. aMen and women in Philippine history. aPhilippines -- History -- Essays. aMaramba, Asuncion D., ed.